000 00437nam a2200181Ia 4500
003 GCL
008 140319s9999 xx 000 0 eng d
040 _aGCL /
_cGCL
082 0 4 _a351.72
_bA M
100 1 _aAHMED, ALBAR
245 1 0 _aLE MARCHE COMMUN ARABE /
_cAHMED, ALBAR
260 _a[S.N] :
_bA.L.E..C.S.O ،
_c1978
300 _a192 P
650 0 4 _aECONOMICS
650 0 4 _aEGYPT
650 0 4 _aA.L.E.C.S.O.
942 _2ddc
_cBK
999 _c16496
_d16496